Manual de arreglos florales (Registro nro. 1420)
[ vista simple ]
| 000 -CABECERA | |
|---|---|
| Longitud fija campo de control | 00814nam a2200265Ia 4500 |
| 005 - • FECHA Y HORA DE LA ÚLTIMA TRANSACCIÓN | |
| Fecha y hora de la última transacción | 20220316235556.0 |
| 008 - • CÓDIGOS DE INFORMACIÓN DE LONGITUD FIJA | |
| Códigos de información de longitud fija | 121119s1998 mx grf 000 0 spa |
| 020 ## - • NÚMERO INTERNACIONAL NORMALIZADO PARA LIBROS | |
| Número Internacional Normalizado para Libros (ISBN) | 968244425X |
| 041 0# - • CÓDIGO DE LENGUA | |
| Código de lengua del texto/banda sonora o título independiente | spa |
| 082 04 - • NÚMERO DE LA CLASIFICACIÓN DECIMAL DEWEY | |
| Número de clasificación (R) | 745.92 |
| Número del ítem | L27M |
| 040 ## - FUENTE DE LA CATALOGACIÓN | |
| Centro catalogador de origen | CO-BoRNBP |
| Lengua de catalogación | spa |
| Normas de descripción | rda |
| Centro transcriptor | CO-BoRNBP |
| 100 1# - • PUNTO DE ACCESO PRINCIPAL-NOMBRE DE PERSONA | |
| Nombre de persona | Lesur, Luis |
| 245 10 - • TITULO PROPIAMENTE DICHO | |
| Título | Manual de arreglos florales |
| Resto del título | una guía paso a paso |
| Mención de responsabilidad, etc. | Luis Lesur |
| 250 ## - • MENCIÓN DE EDICIÓN | |
| Mención de edición | Primera edición |
| 264 ## - PRODUCCIÓN, PUBLICACIÓN , DISTRIBUCIÓN, FABRICACIÓN Y COPYRIGHT | |
| Lugar de producción, publicación, distribución, fabricación | México D.F. |
| Nombre del productor, editor, distribuidor, fabricante | Trillas |
| Fecha de de producción, publicación, distribución, fabricación o copyright | 1998 |
| 300 ## - • DESCRIPCIÓN FÍSICA | |
| Extensión | 96 páginas |
| Otras características físicas | 21 cm |
| 336 ## - TIPO DE CONTENIDO | |
| Término de tipo de contenido | texto |
| Código de tipo de contenido | txt |
| Fuente | rdacontent |
| 337 ## - TIPO DE MEDIO | |
| Nombre del tipo de medio | sin mediación |
| Código del tipo de medio | n |
| Fuente | rdamedia |
| 338 ## - TIPO DE SOPORTE | |
| Nombre del tipo de soporte | volumen |
| Código del tipo de soporte | nc |
| Fuente | rdacarrier |
| 490 0# - • MENCIÓN DE SERIE | |
| Mención de serie | Cómo hacer bien y fácilmente |
| 650 14 - • PUNTO DE ACCESO ADICIONAL DE MATERIA - TÉRMINO DE MATERIA | |
| Término de materia o nombre geográfico como elemento inicial | Arreglos florales |
| Subdivisión de forma | Manuales |
| Fuente del encabezamiento o término | LEMB |
| 650 14 - • PUNTO DE ACCESO ADICIONAL DE MATERIA - TÉRMINO DE MATERIA | |
| Término de materia o nombre geográfico como elemento inicial | Arte decorativo |
| Subdivisión de forma | Manuales |
| Fuente del encabezamiento o término | LEMB |
| 650 14 - • PUNTO DE ACCESO ADICIONAL DE MATERIA - TÉRMINO DE MATERIA | |
| Término de materia o nombre geográfico como elemento inicial | Jardinería |
| Subdivisión de forma | Manuales |
| Fuente del encabezamiento o término | LEMB |
| 942 ## - ENTRADA DE ELEMENTOS AGREGADOS (KOHA) | |
| Fuente de clasificaión o esquema | Dewey Decimal Classification |
| Koha [por defecto] tipo de item | LIbro |
| Perdido | Fuente de clasificación o esquema | Estado Físico | No para préstamo | Forma de adquisición | Localización permanente | Localización actual | Localización en estanterías | Fecha adquisición | Préstamos totales | Signatura completa | Código de barras | Fecha última consulta | Número de copia | Fecha del precio de reemplazo | Tipo de item de Koha |
|---|---|---|---|---|---|---|---|---|---|---|---|---|---|---|---|
| Dewey Decimal Classification | Colección General | Biblioteca Pública Cubarral | Biblioteca Pública Cubarral | General | 08/11/2023 | 745.92 L27m | CUB02935 | 08/11/2023 | Ej.1 | 08/11/2023 | LIbro | ||||
| Dewey Decimal Classification | Colección General | Biblioteca Pública Dorado | Biblioteca Pública Dorado | General | 01/12/2023 | 745.92 M15 | DOR00748 | 01/12/2023 | Ej.1 | 01/12/2023 | LIbro | ||||
| Dewey Decimal Classification | Colección General | Biblioteca Pública Fuentedeoro - Henry Llanos García | Biblioteca Pública Fuentedeoro - Henry Llanos García | General | 05/30/2023 | 745.92 L27m | Fo0000878 | 05/30/2023 | Ej.1 | 05/30/2023 | LIbro | ||||
| Dewey Decimal Classification | Colección General | Biblioteca Pública José Eustasio Rivera - San Martin | Biblioteca Pública José Eustasio Rivera - San Martin | General | 08/17/2023 | 745.92 M15 | SM002352 | 08/17/2023 | Ej.1 | 08/17/2023 | LIbro | ||||
| Dewey Decimal Classification | Colección General | Biblioteca Pública Lejanias | Biblioteca Pública Lejanias | General | 10/28/2025 | 745.92 L27M | LEJ01224 | 10/28/2025 | Ej.1 | 10/28/2025 | LIbro | ||||
| Dewey Decimal Classification | Colección General | Biblioteca Pública Puerto López - Jorge Eliecer Gaitán | Biblioteca Pública Puerto López - Jorge Eliecer Gaitán | General | 07/30/2025 | 745.92 L27M | PLZ02586 | 07/30/2025 | Ej.1 | 07/30/2025 | LIbro | ||||
| Dewey Decimal Classification | Colección General | Biblioteca Pública San Carlos de Guaroa - Eduardo Carranza | Biblioteca Pública San Carlos de Guaroa - Eduardo Carranza | General | 06/05/2025 | 745.92 L27m | SG03266 | 06/05/2025 | Ej.1 | 06/05/2025 | LIbro | ||||
| Dewey Decimal Classification | Colección General | Biblioteca Pública Barranca de Upia - María Dolores Herrera | Biblioteca Pública Barranca de Upia - María Dolores Herrera | General | 07/11/2025 | 745.92 L27M | BUP1841 | 07/11/2025 | Ej.1 | 07/11/2025 | LIbro | ||||
| Dewey Decimal Classification | Colección General | Biblioteca Pública Guamal | Biblioteca Pública Guamal | General | 03/29/2023 | 745.92 L27m | GUA002824 | 03/29/2023 | Ej.1 | 03/29/2023 | LIbro | ||||
| Dewey Decimal Classification | Colección General | Biblioteca Pública Mapiripan | Biblioteca Pública Mapiripan | General | 01/09/2024 | 745.92 m15 | MAP0000877 | 01/09/2024 | Ej.1 | 01/09/2024 | LIbro | ||||
| Clasificación Local Facetada | Colección General | Biblioteca Pública Puerto Concordia | Biblioteca Pública Puerto Concordia | General | 02/24/2026 | 745.92 M15 | PCON02267 | 02/24/2026 | Ej.1 | 02/24/2026 | LIbro | ||||
| Dewey Decimal Classification | Colección General | Biblioteca Pública Uribe - Reinerio Arenas | Biblioteca Pública Uribe - Reinerio Arenas | General | 08/13/2024 | 745.92 M15 | URI00926 | 08/13/2024 | Ej.1 | 08/13/2024 | LIbro |